One-Syllable British Towns — Real or Fake? - Statistics

General Stats
  • This quiz has been taken 1,000 times
  • The average score is 26 of 40
Answer Stats
Hint Answer % Correct
Slough Real
98%
Ayr Real
96%
Crewe Real
96%
Frome Real
95%
Wick Real
95%
Neath Real
93%
Rhyl Real
93%
Holt Real
89%
Ware Real
85%
Mold Real
84%
Goole Real
83%
Usk Real
82%
Diss Real
80%
Troon Real
79%
Banff Real
77%
Chard Real
73%
Yarm Real
72%
Scone Real
69%
Wem Real
61%
Glent Fake
61%
Keith Real
60%
Largs Real
60%
Quill Fake
60%
Chirk Real
55%
Clun Real
55%
Liff Real
54%
Fleck Fake
54%
Hame Fake
53%
Splatt Fake
52%
Mawle Fake
51%
Teal Fake
51%
Roach Fake
50%
Pring Fake
47%
Stepps Real
42%
Wynch Fake
41%
Dray Fake
38%
Theake Fake
34%
Lyth Fake
32%
Frith Fake
27%
Cairn Fake
18%
No matching quizzes found
Score Distribution
Percent of People with Each Score
Percentile by Number Answered
Your Score History
You have not taken this quiz